[Event "TCh-TUR Super League 2015"]
[Site "Kocaeli TUR"]
[Date "2015.08.07"]
[Round "4.2"]
[Board "7"]
[White "Acar, Utku Cengiz"]
[Black "Temizkan, Denizcan"]
[Result "0-1"]
[BlackTitle "FM"]
[WhiteElo "1930"]
[BlackElo "1906"]
[WhiteTeam "Akdeniz Belediyesi Sports Club"]
[BlackTeam "Hatay Buyuksehir Belediyesi Genclik Sports Club"]
[WhiteFideId "6358900"]
[BlackFideId "6325157"]
[EventDate "2015.08.04"]

1. e4 e5 2. Nf3 Nc6 3. Nc3 Nf6 4. d4 exd4 5. Nxd4 Bb4 6. Nxc6 bxc6 7. Bd3 d5 8.
exd5 cxd5 9. O-O O-O 10. Bg5 c6 11. Qf3 Be7 12. h3 h6 13. Bf4 Bd6 14. Ne2 Rb8
15. b3 c5 16. Rad1 Bb7 17. Ng3 d4 18. Ne4 Nxe4 19. Bxe4 Bxe4 20. Qxe4 Re8 21.
Qf3 Bxf4 22. Qxf4 Qa5 23. a4 Rb6 24. Qc7 Qc3 25. Qxa7 Rg6 26. Rd3 Qxc2 27. Qd7
Ree6 28. Rf3 Ref6 29. Rxf6 Rxf6 30. Qd8+ Kh7 31. Qd5 d3 32. f4 d2 33. f5 Rxf5 0-1

[Event "TCh-TUR Super League 2015"]
[Site "Kocaeli TUR"]
[Date "2015.08.07"]
[Round "4.2"]
[Board "8"]
[White "Micoogullari, Lara"]
[Black "Temel, Burcu Melis"]
[Result "1-0"]
[BlackTitle "WCM"]
[WhiteElo "1668"]
[BlackElo "1878"]
[WhiteTeam "Hatay Buyuksehir Belediyesi Genclik Sports Club"]
[BlackTeam "Akdeniz Belediyesi Sports Club"]
[WhiteFideId "6344968"]
[BlackFideId "6345492"]
[EventDate "2015.08.04"]

1. Nf3 Nf6 2. g3 c5 3. c4 Nc6 4. Nc3 d6 5. Bg2 g6 6. O-O Bg7 7. d4 cxd4 8. Nxd4
Bd7 9. e3 O-O 10. b3 Rb8 11. Bb2 h6 12. Qd2 Nh7 13. Nd5 Ne5 14. f4 Ng4 15. h3
Ngf6 16. Kh2 a6 17. e4 e5 18. fxe5 dxe5 19. Nf3 Nxe4 20. Qe3 Neg5 21. Nxe5 b5
22. h4 Ne6 23. Ba3 Be8 24. Be7 Qc8 25. Bxf8 Bxf8 26. Nxf7 Bxf7 27. Rxf7 Qc5 28.
Qxe6 1-0

[Event "TCh-TUR Super League 2015"]
[Site "Kocaeli TUR"]
[Date "2015.08.07"]
[Round "4.3"]
[Board "1"]
[White "Kuzubov, Yuriy"]
[Black "Volkov, Sergey"]
[Result "1/2-1/2"]
[WhiteTitle "GM"]
[BlackTitle "GM"]
[WhiteElo "2638"]
[BlackElo "2589"]
[WhiteTeam "Tarsus Zeka Satranc Kulubu"]
[BlackTeam "Kocaeli Buyuksehir Belediyesi Kagit Sports Club"]
[WhiteFideId "14112906"]
[BlackFideId "4122763"]
[EventDate "2015.08.04"]

1. e4 e6 2. d4 d5 3. Nc3 Nf6 4. Bg5 dxe4 5. Nxe4 Nbd7 6. Nf3 Be7 7. Nxf6+ Bxf6
8. Qd2 Bxg5 9. Nxg5 Nf6 10. O-O-O Qe7 11. h4 Bd7 12. Rh3 Bc6 13. c4 h6 14. Nf3
Bxf3 15. Rxf3 O-O 16. Qe2 c6 17. Re3 b5 18. Rc3 bxc4 19. Rxc4 Nd5 20. Qe4 Rab8
21. Rd2 Rb6 22. Bd3 f5 23. Qe5 Qxh4 24. Qxe6+ Kh8 25. g3 Qh1+ 26. Rd1 Qg2 27.
Qe2 Rb7 28. Qf1 Qh2 29. Qg1 Qh5 30. Qh1 Qg5+ 31. Kb1 Rfb8 32. b3 Qe7 33. Bc2 Qa3
34. Qf3 Rb5 35. Qxf5 Nc3+ 36. Rxc3 Rxf5 37. Bxf5 a5 38. Rxc6 a4 39. Rdc1 g6 40.
Bc2 axb3 1/2-1/2

[Event "TCh-TUR Super League 2015"]
[Site "Kocaeli TUR"]
[Date "2015.08.07"]
[Round "4.3"]
[Board "2"]
[White "Nikolova, Adriana"]
[Black "Mchedlishvili, Mikheil"]
[Result "0-1"]
[WhiteTitle "WGM"]
[BlackTitle "GM"]
[WhiteElo "2304"]
[BlackElo "2605"]
[WhiteTeam "Kocaeli Buyuksehir Belediyesi Kagit Sports Club"]
[BlackTeam "Tarsus Zeka Satranc Kulubu"]
[WhiteFideId "2908689"]
[BlackFideId "13600966"]
[EventDate "2015.08.04"]

1. e4 c5 2. c3 Nf6 3. e5 Nd5 4. d4 cxd4 5. Nf3 Nc6 6. cxd4 d6 7. Bc4 dxe5 8.
Nxe5 e6 9. Nf3 Bb4+ 10. Bd2 Bxd2+ 11. Qxd2 Nce7 12. O-O O-O 13. Nc3 b6 14. Bd3
Bb7 15. Rfe1 Nxc3 16. bxc3 Bxf3 17. gxf3 Rc8 18. Rac1 Qd6 19. Bc2 Qd5 20. Qf4
Ng6 21. Bxg6 hxg6 22. Rc2 Rc4 23. Kg2 Rfc8 24. Re5 Qd6 25. Qd2 a6 26. h4 b5 27.
h5 f6 28. Re3 gxh5 29. Qe1 Kf7 30. Rce2 Re8 31. Qh1 Qd5 32. Qb1 b4 33. cxb4 Rxd4
34. Re1 Qg5+ 35. Kf1 Qb5+ 36. Kg2 Rxb4 37. Qc1 Qg5+ 38. Kf1 Rh4 39. Qc6 Rh1+ 40.
Ke2 Rxe1+ 41. Kxe1 Qa5+ 42. Rc3 Qxa2 43. Kf1 Qb1+ 44. Kg2 Qb5 45. Qe4 Rd8 46.
Rc7+ Rd7 47. Rc8 Qg5+ 48. Kh2 Qe5+ 49. Qxe5 fxe5 50. Ra8 Rd6 51. Kg3 Kf6 52.
Rf8+ Ke7 53. Ra8 Rd3 54. Ra7+ Kf6 55. Kg2 Ra3 56. Ra8 g6 57. Rf8+ Ke7 58. Ra8 a5
59. Ra7+ Kf6 60. Ra8 a4 61. Rf8+ Ke7 62. Ra8 Ra1 63. Ra7+ Kd6 64. Ra6+ Kd5 65.
Ra5+ Kd4 66. Ra6 a3 67. Rxe6 Rb1 68. Ra6 Rb3 69. Rxg6 Kc3 70. f4 exf4 71. Kf3 a2
72. Ra6 Kb2+ 73. Kxf4 Ra3 74. Rb6+ Kc2 0-1

[Event "TCh-TUR Super League 2015"]
[Site "Kocaeli TUR"]
[Date "2015.08.07"]
[Round "4.3"]
[Board "3"]
[White "Yurtseven, Ahmet Can"]
[Black "Ari, Zeki"]
[Result "0-1"]
[WhiteTitle "FM"]
[BlackTitle "FM"]
[WhiteElo "2291"]
[BlackElo "2192"]
[WhiteTeam "Tarsus Zeka Satranc Kulubu"]
[BlackTeam "Kocaeli Buyuksehir Belediyesi Kagit Sports Club"]
[WhiteFideId "6300081"]
[BlackFideId "6300421"]
[EventDate "2015.08.04"]

1. d4 Nf6 2. Nf3 g6 3. Nbd2 Bg7 4. e4 d5 5. e5 Ne4 6. Bd3 c5 7. Nxe4 dxe4 8.
Bxe4 cxd4 9. O-O O-O 10. Bf4 f6 11. Qd2 Nc6 12. exf6 Rxf6 13. Rfe1 Bf5 14. Bg5
Re6 15. Bxf5 Rxe1+ 16. Rxe1 gxf5 17. Qf4 Qd7 18. Qg3 Kh8 19. Bf4 Rg8 20. Ng5 e5
21. Qh4 Bf6 22. Qh6 Qg7 23. Qxg7+ Rxg7 24. Bxe5 Bxe5 25. Nf3 Re7 26. Kf1 Kg7 27.
a3 Kf6 28. Rd1 a5 29. g3 Bc7 30. Nd2 b5 31. Nb3 Bb6 32. f4 Re3 33. Nc1 Re8 34.
Nd3 h6 35. Ne1 Ne7 36. Nf3 Nd5 37. Rd3 Ne3+ 38. Kf2 Nxc2 39. Ne5 Re7 40. Rb3 b4
41. Rd3 Rc7 42. Ke2 Ke6 43. axb4 Nxb4 0-1

[Event "TCh-TUR Super League 2015"]
[Site "Kocaeli TUR"]
[Date "2015.08.07"]
[Round "4.3"]
[Board "4"]
[White "Ersahin, Bulent"]
[Black "Keler, Faruk"]
[Result "1/2-1/2"]
[WhiteElo "2171"]
[BlackElo "2286"]
[WhiteTeam "Kocaeli Buyuksehir Belediyesi Kagit Sports Club"]
[BlackTeam "Tarsus Zeka Satranc Kulubu"]
[WhiteFideId "6302670"]
[BlackFideId "6302734"]
[EventDate "2015.08.04"]

1. Nf3 d5 2. g3 Nf6 3. Bg2 c6 4. O-O Bf5 5. d3 h6 6. b3 e6 7. Bb2 Be7 8. Nbd2
O-O 9. c4 Bh7 10. Qc2 a5 11. Rab1 Na6 12. a3 Re8 13. h3 Bd6 14. e4 Bf8 15. Rfe1
Nc5 16. Rbd1 dxe4 17. Nxe4 Nfxe4 18. dxe4 Qb6 19. Re3 Nxe4 20. Rxe4 Bxe4 21.
Qxe4 Qxb3 22. Rb1 Rad8 23. Kh2 Rd1 24. Rxd1 Qxd1 25. Ne5 Rd8 26. Qf4 f5 27. Ng6
Qe2 28. Nxf8 Qxb2 29. Nxe6 Rd2 30. Qb8+ Kf7 31. Nd8+ Ke7 32. Nxb7 Rxf2 33. Qc7+
Kf8 34. Qxc6 Qe5 35. Qd5 Qxd5 36. cxd5 a4 37. Nc5 Ra2 38. Nxa4 Rxa3 39. Nc5 Ke7
40. Nb7 Rc3 41. Bf1 Kd7 42. Bb5+ Kc7 43. Bc6 g5 44. Kg2 h5 45. Kf2 h4 46. gxh4
gxh4 47. Kg2 Rg3+ 48. Kh2 Rc3 49. Kg2 f4 50. Na5 Rg3+ 51. Kf2 Rxh3 52. Nc4 Rd3
53. Ba8 h3 54. d6+ Kb8 55. Bc6 Rd4 56. d7 Kc7 57. Ne5 Rd1 58. Nf7 Rd2+ 59. Kg1
Kxc6 60. d8=Q Rxd8 61. Nxd8+ Kd5 62. Nf7 Kd4 63. Ng5 Ke5 1/2-1/2

[Event "TCh-TUR Super League 2015"]
[Site "Kocaeli TUR"]
[Date "2015.08.07"]
[Round "4.3"]
[Board "5"]
[White "Kaplan, Ebru"]
[Black "Yilmaz, Ezgi"]
[Result "1-0"]
[WhiteElo "1902"]
[BlackElo "1852"]
[WhiteTeam "Tarsus Zeka Satranc Kulubu"]
[BlackTeam "Kocaeli Buyuksehir Belediyesi Kagit Sports Club"]
[WhiteFideId "6315194"]
[BlackFideId "6303340"]
[EventDate "2015.08.04"]

1. e4 g6 2. d4 Bg7 3. Nc3 d5 4. exd5 c6 5. Nf3 cxd5 6. Bf4 a6 7. Qd2 Nc6 8. Be2
Bg4 9. O-O-O Bxf3 10. Bxf3 e6 11. Ne2 Nge7 12. g4 Rc8 13. h4 Qb6 14. Kb1 Na5 15.
c3 Nc4 16. Qc1 Nc6 17. h5 gxh5 18. Rxh5 Bf8 19. Ka1 N6a5 20. Rdh1 Qb5 21. Qc2
Rc6 22. Rxh7 Rxh7 23. Rxh7 Be7 24. g5 Rb6 25. g6 fxg6 26. Qxg6+ Kd7 27. Rxe7+
Kxe7 28. Qg7+ Ke8 29. Bh5+ Kd8 30. Qc7# 1-0

[Event "TCh-TUR Super League 2015"]
[Site "Kocaeli TUR"]
[Date "2015.08.07"]
[Round "4.3"]
[Board "6"]
[White "Gundogan, Cem"]
[Black "Komut, Burak"]
[Result "1-0"]
[WhiteElo "2060"]
[BlackElo "2007"]
[WhiteTeam "Kocaeli Buyuksehir Belediyesi Kagit Sports Club"]
[BlackTeam "Tarsus Zeka Satranc Kulubu"]
[WhiteFideId "6311032"]
[BlackFideId "6309984"]
[EventDate "2015.08.04"]

1. e4 e5 2. Nf3 Nc6 3. Bc4 Nf6 4. Qe2 Be7 5. Bb3 O-O 6. c3 d6 7. O-O Bg4 8. h3
Bh5 9. d3 Na5 10. Bc2 c5 11. Re1 Nc6 12. Nbd2 Re8 13. Nf1 d5 14. Ng3 Bg6 15. Nh4
Bf8 16. Bg5 d4 17. Nxg6 hxg6 18. Bb3 Qd6 19. Rad1 b5 20. a3 Rac8 21. h4 Rc7 22.
h5 Nxh5 23. Nxh5 gxh5 24. Qxh5 g6 25. Qg4 Qd7 26. Qh4 Bg7 27. Bd5 Ne7 28. c4
Nxd5 29. exd5 bxc4 30. dxc4 f5 31. Rd3 Kf7 32. Rh3 Rh8 33. Qg3 Rxh3 34. gxh3 e4
35. Bf4 Rb7 36. h4 Rxb2 37. h5 Rb6 38. h6 Bf6 39. Kh1 Qe7 40. d6 Qf8 41. Rg1 Qg8
42. Be5 Rb7 43. Bxf6 Kxf6 44. Qg5+ Kf7 45. Kg2 Rd7 46. Rb1 Ke6 47. Rb5 Kxd6 48.
Qf4+ Kc6 49. Qe5 Qxc4 50. Rb8 d3 51. h7 Rxh7 52. Qf6+ Kc7 53. Qe5+ Kc6 54. Qf6+
Kc7 55. Qe5+ Kc6 56. Qe8+ Kc7 57. Rc8+ Kb6 58. Qxg6+ Ka5 59. Qxh7 a6 60. Qxf5
Kb5 61. Qd7+ Ka5 62. Qd6 Kb5 63. Ra8 Ka4 64. Rxa6+ Kb3 65. Rb6+ Kc2 66. Rc6 Qg8+
67. Kf1 c4 68. Qd4 d2 69. Rxc4+ Kb3 70. Rc3+ 1-0

[Event "TCh-TUR Super League 2015"]
[Site "Kocaeli TUR"]
[Date "2015.08.07"]
[Round "4.3"]
[Board "7"]
[White "Sevgi, Volkan"]
[Black "Kilic, Efe Mert"]
[Result "0-1"]
[WhiteTitle "FM"]
[WhiteElo "2263"]
[BlackElo "1816"]
[WhiteTeam "Tarsus Zeka Satranc Kulubu"]
[BlackTeam "Kocaeli Buyuksehir Belediyesi Kagit Sports Club"]
[WhiteFideId "6325335"]
[BlackFideId "6354327"]
[EventDate "2015.08.04"]

1. Nf3 d5 2. g3 Nf6 3. Bg2 Bg4 4. d3 Nbd7 5. Nbd2 c6 6. e4 dxe4 7. dxe4 e5 8.
O-O Be7 9. h3 Bh5 10. Qe2 O-O 11. g4 Bg6 12. Nh4 Qc7 13. Nf5 Bxf5 14. gxf5 b5
15. Nf3 Rfd8 16. Nh2 a5 17. Bg5 Kf8 18. Rae1 Ng8 19. Bc1 Re8 20. Kh1 Bd6 21. Qh5
h6 22. Rg1 Ngf6 23. Qh4 Ke7 24. Bf1 Rg8 25. a4 Rab8 26. Ng4 Rh8 27. f4 Kf8 28.
fxe5 Nxe5 29. Nxf6 Be7 30. Nh7+ Rxh7 31. Qg3 bxa4 32. Bxh6 Bf6 33. Bf4 Qe7 34.
Qc3 Rb4 35. Bg2 Rc4 36. Qxa5 g5 37. fxg6 Nxg6 38. Qa8+ Kg7 39. Bh2 Bxb2 40. e5
Bd4 41. e6 Bxg1 42. exf7 Qxe1 43. Qg8+ Kh6 44. f8=Q+ Nxf8 45. Qxf8+ Rg7 46. Qf6+
Kh7 47. Qf5+ Kg8 48. Qc8+ Kf7 49. Qd7+ Qe7 50. Qf5+ Kg8 51. Be5 Rg5 52. Qc8+ Kf7
53. Bf1 Rxc2 0-1

[Event "TCh-TUR Super League 2015"]
[Site "Kocaeli TUR"]
[Date "2015.08.07"]
[Round "4.3"]
[Board "8"]
[White "Gundogan, Sinem Cagla"]
[Black "Okuyaz, Duru"]
[Result "0-1"]
[BlackTitle "WCM"]
[WhiteElo "1913"]
[BlackElo "1919"]
[WhiteTeam "Kocaeli Buyuksehir Belediyesi Kagit Sports Club"]
[BlackTeam "Tarsus Zeka Satranc Kulubu"]
[WhiteFideId "6325378"]
[BlackFideId "6346022"]
[EventDate "2015.08.04"]

1. d4 d5 2. Nf3 Nf6 3. e3 e6 4. Bd3 c5 5. b3 Nc6 6. a3 Bd6 7. Bb2 O-O 8. Nbd2
Nd7 9. e4 cxd4 10. Nxd4 Nxd4 11. Bxd4 e5 12. Bb2 d4 13. O-O Nc5 14. Bc4 Ne6 15.
Bxe6 Bxe6 16. f4 exf4 17. Nf3 Bc5 18. b4 Bb6 19. Nxd4 Qg5 20. Kh1 Rad8 21. c3
Bc7 22. Qe2 Rfe8 23. Rae1 h5 24. Bc1 Qh6 25. Nxe6 Rxe6 26. Qf2 Rc6 27. Qxa7 Rxc3
28. Qxb7 h4 29. e5 g5 30. h3 Qe6 31. Qe4 Rxh3+ 32. gxh3 Qxh3+ 33. Kg1 Bb6+ 34.
Be3 Bxe3+ 35. Rxe3 fxe3 36. Qg2 Qxg2+ 37. Kxg2 g4 38. Rf4 Rd2+ 39. Kf1 g3 40.
Rg4+ Kf8 41. Re4 h3 0-1

[Event "TCh-TUR Super League 2015"]
[Site "Kocaeli TUR"]
[Date "2015.08.07"]
[Round "4.4"]
[Board "1"]
[White "Yuksel, Atilla Koksal"]
[Black "Berkes, Ferenc"]
[Result "1/2-1/2"]
[WhiteTitle "CM"]
[BlackTitle "GM"]
[WhiteElo "2103"]
[BlackElo "2659"]
[WhiteTeam "Ankara Demirspor Kulubu"]
[BlackTeam "T.S Alyans Satranc Sports Club"]
[WhiteFideId "6306667"]
[BlackFideId "718572"]
[EventDate "2015.08.04"]

1. e4 d6 2. d4 Nf6 3. Nc3 e5 4. Nf3 Nbd7 5. Bc4 Be7 6. O-O O-O 7. a4 c6 8. h3 h6
9. Be3 Re8 10. Qd2 exd4 11. Bxd4 Ne5 12. Nxe5 dxe5 13. Be3 Qxd2 14. Bxd2 b6 15.
Be3 Bd8 16. Rfd1 Bc7 17. f3 a6 18. Kf2 Bb7 19. a5 b5 20. Ba2 Rad8 21. b4 Bd6 22.
Bb6 Rd7 23. Rab1 Be7 24. Rdc1 Rc8 25. Ne2 c5 26. c4 Rd2 27. Bb3 bxc4 28. Rxc4
cxb4 29. Rxc8+ Bxc8 30. Ke3 Rd6 31. Bc7 Rc6 32. Bxe5 Rc5 33. Rc1 Rxc1 34. Nxc1
Bd8 35. Nd3 Bxa5 36. Bd4 Nd7 37. Ba7 h5 38. Kd4 Nf8 39. Bc5 Be6 40. Bxe6 Nxe6+
41. Kc4 1/2-1/2

[Event "TCh-TUR Super League 2015"]
[Site "Kocaeli TUR"]
[Date "2015.08.07"]
[Round "4.4"]
[Board "2"]
[White "Haznedaroglu, Kivanc"]
[Black "Ahmetoglu, Ziya"]
[Result "1-0"]
[WhiteTitle "GM"]
[WhiteElo "2451"]
[BlackElo "1943"]
[WhiteTeam "T.S Alyans Satranc Sports Club"]
[BlackTeam "Ankara Demirspor Kulubu"]
[WhiteFideId "6300634"]
[BlackFideId "6309259"]
[EventDate "2015.08.04"]

1. d4 Nf6 2. Nf3 e6 3. c4 d5 4. Nc3 Be7 5. Bf4 c6 6. e3 Nbd7 7. cxd5 exd5 8. Bd3
O-O 9. O-O Re8 10. Qc2 Nf8 11. Rab1 Ng6 12. Bg3 Bd6 13. b4 a6 14. a4 Qe7 15. b5
axb5 16. axb5 Bd7 17. bxc6 Bxc6 18. Bxd6 Qxd6 19. Bxg6 hxg6 20. Ne5 Nd7 21. Nd3
Ra5 22. Rfc1 Rea8 23. Qb3 Kf8 24. Nb4 Kg8 25. Qd1 Nf6 26. Qf3 Rc8 27. Nd3 Nd7
28. h4 Rca8 29. g4 Qf6 30. Qxf6 gxf6 31. Kg2 Kf8 32. Nb4 Ke7 33. Ne2 Kd6 34. Nf4
g5 35. Nh5 Rb5 36. Ng3 gxh4 37. Nf5+ Kc7 38. Ne7 Kd6 39. Nf5+ Kc7 40. Rb3 Ra4
41. Nxc6 Rxb3 42. Na5+ Rc4 43. Nxb3 1-0

[Event "TCh-TUR Super League 2015"]
[Site "Kocaeli TUR"]
[Date "2015.08.07"]
[Round "4.4"]
[Board "3"]
[White "Severcan, Sedat Sabri"]
[Black "Sirin, Atakan"]
[Result "0-1"]
[WhiteElo "1819"]
[BlackElo "2243"]
[WhiteTeam "Ankara Demirspor Kulubu"]
[BlackTeam "T.S Alyans Satranc Sports Club"]
[WhiteFideId "6351395"]
[BlackFideId "6303307"]
[EventDate "2015.08.04"]

1. d4 d5 2. Nf3 Nf6 3. g3 e6 4. Bg2 Be7 5. O-O O-O 6. c4 c6 7. Qc2 b6 8. cxd5
exd5 9. Bg5 Bb7 10. Nbd2 Na6 11. Ne5 c5 12. e3 Nc7 13. Ndf3 Ne6 14. Bh3 Qd6 15.
Bxf6 Bxf6 16. Bf5 g6 17. Bxe6 Qxe6 18. Qa4 Rfd8 19. Rac1 Be7 20. Rc3 c4 21. Nd2
f6 22. Nef3 Bc6 23. Qd1 b5 24. Nh4 g5 25. Ng2 b4 26. Rc1 Rac8 27. h4 h6 28. Qh5
Kg7 29. Rfe1 Be8 30. Qf3 c3 31. bxc3 bxc3 32. Nb3 Bg6 33. Qe2 Ba3 34. f3 c2 35.
e4 Bxc1 36. Rxc1 dxe4 37. Rxc2 Rxc2 38. Qxc2 exf3 39. Qc7+ Rd7 40. Nc5 f2+ 41.
Kh2 Rxc7 0-1

[Event "TCh-TUR Super League 2015"]
[Site "Kocaeli TUR"]
[Date "2015.08.07"]
[Round "4.4"]
[Board "5"]
[White "Gyokbulut, Julia"]
[Black "Ushenina, Anna"]
[Result "1/2-1/2"]
[WhiteTitle "WFM"]
[BlackTitle "GM"]
[WhiteElo "1975"]
[BlackElo "2435"]
[WhiteTeam "Ankara Demirspor Kulubu"]
[BlackTeam "T.S Alyans Satranc Sports Club"]
[WhiteFideId "4153979"]
[BlackFideId "14110911"]
[EventDate "2015.08.04"]

1. d4 Nf6 2. c4 g6 3. Nc3 d5 4. Bf4 Bg7 5. e3 O-O 6. Qb3 dxc4 7. Bxc4 Nbd7 8.
Rd1 Nb6 9. Nge2 Nxc4 10. Qxc4 c6 11. O-O Be6 12. Qd3 Qa5 13. Be5 Rfd8 14. Nf4
Bf5 15. Qe2 b5 16. e4 Bg4 17. f3 Bc8 18. a3 Qb6 19. Qf2 a5 20. Rfe1 Ba6 21. Nd3
b4 22. Na4 Qa7 23. Nac5 Bxd3 24. Nxd3 bxa3 25. bxa3 Bf8 26. a4 Nd7 27. Bf4 Bg7
28. Be3 Qa6 29. Qc2 Rab8 30. Rc1 Nf8 31. Nc5 Qa7 32. e5 Rd5 33. Rb1 Rdd8 34.
Rxb8 Rxb8 35. Rb1 Nd7 36. Rxb8+ Nxb8 37. Qb3 e6 38. Qb7 Qxb7 39. Nxb7 Nd7 40.
Nxa5 Nb6 41. Nxc6 Nxa4 42. Kf2 Nc3 43. Bd2 Nd5 44. Nb4 Nc7 45. Ke2 h5 46. Kd3
Bf8 47. Ke4 Bxb4 48. Bxb4 Nd5 49. Bd2 Kg7 50. g4 hxg4 51. fxg4 1/2-1/2

[Event "TCh-TUR Super League 2015"]
[Site "Kocaeli TUR"]
[Date "2015.08.07"]
[Round "4.4"]
[Board "6"]
[White "Koksal, Ege"]
[Black "Karaahmetoglu, Ege"]
[Result "1/2-1/2"]
[WhiteTitle "FM"]
[WhiteElo "2347"]
[BlackElo "2032"]
[WhiteTeam "T.S Alyans Satranc Sports Club"]
[BlackTeam "Ankara Demirspor Kulubu"]
[WhiteFideId "6317626"]
[BlackFideId "6361145"]
[EventDate "2015.08.04"]

1. c4 e5 2. Nc3 Nc6 3. g3 Nf6 4. Bg2 Bc5 5. d3 d6 6. Nf3 O-O 7. O-O a6 8. Bg5 h6
9. Bd2 Be6 10. a3 Qc8 11. b4 Ba7 12. Qc1 Ne7 13. e4 Ng6 14. Be3 Bxe3 15. Qxe3 c6
16. c5 d5 17. exd5 Nxd5 18. Nxd5 Bxd5 19. Nxe5 Re8 20. d4 f6 21. Bxd5+ cxd5 22.
Qd3 fxe5 23. Qxg6 e4 24. f3 Qc6 25. Qxc6 bxc6 26. a4 exf3 27. Rxf3 Re2 28. Rf2
Re4 29. Rd1 Rb8 30. Rb2 Kf7 31. Kf2 Kg6 32. Rd3 Kg5 33. h3 h5 34. h4+ Kg6 35. b5
axb5 36. axb5 cxb5 37. Rb4 Kf5 38. Rf3+ Ke6 39. Re3 g6 40. Kf3 Rf8+ 41. Ke2 Rb8
42. Kd3 Rxe3+ 43. Kxe3 Kd7 44. Kf4 Kc6 45. Ke5 Re8+ 46. Kf6 Re3 47. Kxg6 Rxg3+
48. Kxh5 Rg2 49. Kh6 Rg3 50. h5 Rg2 51. Kh7 Rg3 52. h6 Rg2 53. Rb3 Rd2 54. Rb4
Rg2 55. Kh8 Rg3 56. Rb1 Rd3 57. Rh1 Rxd4 58. Kg7 Ra4 59. h7 Ra8 60. h8=Q Rxh8
61. Rxh8 Kxc5 62. Kf6 b4 63. Ke5 Kc4 64. Rh4+ Kc3 65. Kxd5 b3 66. Rh3+ Kc2 67.
Kc4 b2 68. Rh2+ Kb1 69. Rh8 Kc2 70. Rh2+ Kb1 71. Kc3 Ka1 72. Rh8 b1=Q 73. Ra8+
Qa2 1/2-1/2

[Event "TCh-TUR Super League 2015"]
[Site "Kocaeli TUR"]
[Date "2015.08.07"]
[Round "4.4"]
[Board "7"]
[White "Yaver, Faik Emre"]
[Black "Dedebas, Emre Emin"]
[Result "1/2-1/2"]
[WhiteElo "2006"]
[BlackElo "1975"]
[WhiteTeam "Ankara Demirspor Kulubu"]
[BlackTeam "T.S Alyans Satranc Sports Club"]
[WhiteFideId "6329969"]
[BlackFideId "6349005"]
[EventDate "2015.08.04"]

1. e4 e5 2. Nf3 Nc6 3. Bc4 Bc5 4. c3 Nf6 5. d3 d6 6. Bb3 a6 7. O-O Ba7 8. Nbd2
O-O 9. Nc4 h6 10. Be3 Re8 11. Bxa7 Rxa7 12. Ne3 Be6 13. Re1 Ra8 14. h3 Qd7 15.
Nh4 d5 16. Bc2 dxe4 17. dxe4 Qxd1 18. Raxd1 Rad8 19. b3 a5 20. Nhf5 Kf8 21. f3
h5 22. g4 g6 23. Ng3 h4 24. Ngf1 Nh7 25. Nd5 Rd7 26. Rd2 Ne7 27. Red1 c6 28. Nb6
Rxd2 29. Rxd2 Nc8 30. Na4 Ke7 31. Nc5 Ng5 32. Kg2 Nd6 33. Ne3 Bc8 34. Na4 Ne6
35. Nb6 Nf4+ 36. Kh2 Be6 37. Ng2 Nxg2 38. Kxg2 Nc8 39. Nxc8+ Rxc8 40. Kf2 Rd8
41. Rxd8 Kxd8 42. Ke3 g5 43. a3 Kc7 44. Kd3 Kb6 45. c4 Ka6 46. Kc3 1/2-1/2

[Event "TCh-TUR Super League 2015"]
[Site "Kocaeli TUR"]
[Date "2015.08.07"]
[Round "4.4"]
[Board "8"]
[White "Ozbay, Ece"]
[Black "Sahin, Hayrun Nisa"]
[Result "1-0"]
[WhiteTitle "WCM"]
[WhiteElo "1804"]
[BlackElo "1648"]
[WhiteTeam "T.S Alyans Satranc Sports Club"]
[BlackTeam "Ankara Demirspor Kulubu"]
[WhiteFideId "6351743"]
[BlackFideId "6380875"]
[EventDate "2015.08.04"]

1. e4 c5 2. Nf3 Nc6 3. Bb5 g6 4. O-O Bg7 5. Re1 Nf6 6. e5 Nd5 7. Nc3 Nxc3 8.
dxc3 O-O 9. Bf4 Qb6 10. a4 Rd8 11. Qd2 a6 12. Bc4 Na5 13. Ba2 c4 14. Bh6 d6 15.
exd6 exd6 16. Bg5 f6 17. Qd5+ Kh8 18. Qf7 Rg8 19. Bxf6 Bf5 20. Re7 1-0

[Event "TCh-TUR Super League 2015"]
[Site "Kocaeli TUR"]
[Date "2015.08.07"]
[Round "4.5"]
[Board "2"]
[White "Benidze, Davit"]
[Black "Solak, Dragan"]
[Result "0-1"]
[WhiteTitle "GM"]
[BlackTitle "GM"]
[WhiteElo "2469"]
[BlackElo "2622"]
[WhiteTeam "Kahramanmaras Buyuksehir Belediye Sports Club"]
[BlackTeam "Besiktas Jimnastik Kulubu"]
[WhiteFideId "13603086"]
[BlackFideId "916811"]
[EventDate "2015.08.04"]

1. d4 d5 2. c4 c6 3. Nf3 Nf6 4. e3 Bf5 5. Nc3 e6 6. Qb3 Qb6 7. Be2 Nbd7 8. Nh4
Be4 9. Qxb6 axb6 10. f3 Bc2 11. cxd5 g5 12. dxe6 fxe6 13. Kd2 Ba4 14. Bc4 Nd5
15. b3 Nxc3 16. Kxc3 Bb5 17. Bxe6 gxh4 18. Bb2 Ke7 19. Bh3 c5 20. a4 Bg7 21. Kc2
Bc6 22. Rad1 cxd4 23. Bxd4 Rhg8 24. Bxg7 Rxg7 25. Rd4 Nf6 26. Rxh4 Bd7 27. Bxd7
Rxg2+ 28. Kb1 Kxd7 29. Rd1+ Ke7 30. e4 Ra5 31. Rc1 Rd2 32. Rh6 Rg5 33. Rc7+ Ke6
34. f4 Rg1+ 35. Rc1 Rgg2 36. Rh1 Rb2+ 37. Ka1 Ra2+ 38. Kb1 Rab2+ 39. Ka1 Ra2+
40. Kb1 Rgb2+ 41. Kc1 Rf2 42. Kb1 Kf7 43. e5 Ne4 44. Rxh7+ Kg6 45. Rh3 0-1

[Event "TCh-TUR Super League 2015"]
[Site "Kocaeli TUR"]
[Date "2015.08.07"]
[Round "4.5"]
[Board "3"]
[White "Mamedov, Rauf"]
[Black "Isik, Engin Yasar"]
[Result "1-0"]
[WhiteTitle "GM"]
[WhiteElo "2651"]
[BlackElo "2188"]
[WhiteTeam "Besiktas Jimnastik Kulubu"]
[BlackTeam "Kahramanmaras Buyuksehir Belediye Sports Club"]
[WhiteFideId "13401653"]
[BlackFideId "6301886"]
[EventDate "2015.08.04"]

1. Nf3 Nf6 2. b3 d5 3. Bb2 c5 4. g3 Nc6 5. Bg2 g6 6. O-O Bg7 7. c4 d4 8. e3 Bg4
9. h3 Bxf3 10. Bxf3 O-O 11. exd4 cxd4 12. d3 Qd7 13. Bg2 h5 14. Nd2 e5 15. Re1
Rfe8 16. a3 a5 17. Rc1 h4 18. g4 Nh7 19. c5 Rad8 20. b4 f5 21. Nc4 fxg4 22. b5
gxh3 23. bxc6 bxc6 24. Be4 Qe7 25. Kh1 Rf8 26. Rc2 Ng5 27. Bc1 Nxe4 28. Rxe4
Qxc5 29. Nxe5 Qd5 30. Nxg6 Rfe8 31. f3 Qd6 32. Nxh4 Rxe4 33. fxe4 Rf8 34. Nf5 1-0